00661nam a2200157 a 450000100100000000500170001000800410002704000250006808200150009324501310010826000580023930000410029770000350033895201130037399900170048600004472320201002045558.0150107s2008 dr abc 000 0 spa d aDO-SdBNPbspacBNPHU axxxxbxxxx03aLa inversión municipal en niñez y adolescencia :baplicación en República Dominicana /cedición ; Marsie González. aSanto Domingo :bSave the Children Dominicana,c2008. a36 p. :bil., retrs. mapas ;c23 cm.1 aGonzález, Marsieeed.972717 0010718PDaPDbPDcCTd2015-01-07iLF1l0oxxxx xxxxp44723-10r2020-06-25w2020-06-25yLFPDZNo se presta c44212d44212